header

The Wild West (Record no. 31436)

MARC details
000 -LEADER
fixed length control field 01295nam a2200349Ia 4500
100 1# - MAIN ENTRY--AUTHOR NAME
Personal name Wright, Will.
245 14 - TITLE STATEMENT
Title The Wild West
260 ## - PUBLICATION, DISTRIBUTION, ETC. (IMPRINT)
Place of publication London ;
-- Thousand Oaks, Ca. :
Name of publisher SAGE,
Year of publication 2001.
300 ## - PHYSICAL DESCRIPTION
Number of Pages 205 p.
490 1# - SERIES STATEMENT
Series statement Core cultural icons
650 #0 - SUBJECT ADDED ENTRY--TOPICAL TERM
Topical Term Individualism.
Topical Term Social contract.
Topical Term Individualism
Topical Term Civil society
856 40 - ELECTRONIC LOCATION AND ACCESS
Uniform Resource Identifier http://site.ebrary.com/lib/rucke/Doc?id=10256814

No items available.

© 2026 Rongo University
Contact us: librarian | system librarian | Rongo university